000 00577nam a2200193Ia 4500
005 20260114185817.0
008 008 260114s9999 xx 000 0 eng d
020 _a9781474259811
037 _aEBOOK
040 _aCRL
_beng
_cCRL
041 _aeng
_2eng
084 _qCRL
100 _aJenny Lantz
_9874683
245 4 _aThe Trendmakers Behind the Scenes of the Global Fashion Industry
260 _bBloomsbury
_c2016
856 _uhttps://doi.org/10.5040/9781474259811?locatt=label:secondary_bloomsburyCollections
942 _cEBOOK
999 _c1473617
_d1473617